Las cadenas de suministro sostenibles y el reto que enfrentan las grandes empresas. (Registro nro. 22628)
[ vista simple ]
| 000 -Cabecera | |
|---|---|
| Campo de control interno | 02710nam a2200277 4500 |
| 001 - Número de control | |
| control field | ESSALUD |
| 005 - Fecha y hora de la última transacción | |
| Campo de control | 20260702155428.0 |
| 007 - Tipo material - Descripcion fisica - info general | |
| Tipo material - Descripcion fisica - info general | ta |
| 008 - Elementos de Longitud Fija - Información General | |
| Elementos de Longitud Fija - Información | t pe ||||| |||| 00| 0 spa d |
| 040 ## - Origen de la Catalogación | |
| Origen de la Catalogación | BMG |
| 041 ## - Idioma | |
| Idioma | spa |
| 100 ## - Autor | |
| Autor | Mayor Sánchez, Jorge Luis |
| Rol del Autor | Autor |
| 9 (RLIN) | 21497 |
| 245 ## - Titulo | |
| Titulo | Las cadenas de suministro sostenibles y el reto que enfrentan las grandes empresas. |
| Subtitulo | Qué les depara a las actuales organizaciones sindicales a nivel empresarial |
| 246 ## - Variante del Titulo | |
| Titulo | Sustainable supply chains and the challenge faced by large companies. |
| Subtitulo | What awaits current trade union organizations at the enterprise level |
| 300 ## - Páginas | |
| Paginación | páginas 169-181 |
| 520 ## - Resumen | |
| Resumen | En el presente artículo el autor desarrolla un análisis crítico de las cadenas<br/>de suministro sostenibles como herramienta estratégica utilizada por las grandes empresas<br/>y de su impacto en el Derecho del Trabajo y en las organizaciones sindicales a<br/>nivel empresarial. Examina cómo la fragmentación y externalización de los procesos<br/>productivos, orientadas a la reducción de costos y a la obtención de ventajas competitivas,<br/>pueden generar riesgos de precarización laboral, desvalorización del trabajo<br/>decente y debilitamiento de la acción sindical. Asimismo, aborda el contexto de la globalización,<br/>la etapa pos-COVID-19 y la centralidad de la diligencia debida en materia de<br/>derechos humanos, destacando la necesidad de compatibilizar eficiencia económica<br/>con el respeto efectivo de los derechos humanos labora les y sindicales.<br/> |
| 520 ## - Resumen | |
| Resumen | In this article, the author develops a critical analysis of sustainable supply chains as a strategic tool used by large companies and their impact on labour law and trade union organizations<br/>at the corporate level. The study examines haw the fragmentation and outsourcing of productive<br/>processes, aimed at reducing costs and obtaining competitive advantages, may generate risks of<br/>labour precariousness, the devaluation of decent work, and the weakening of trade union action. It<br/>also addresses the context of globalization, the post- COV/0-19 period, and the central role of human<br/>rights due diligence, highlighting the need to reconcile economic efficiency with the effective respect<br/>far labour and trade un ion human rights.<br/> |
| 650 ## - Temas - Descriptores | |
| Temas - Descriptores | CADENAS DE SUMINISTRO |
| 9 (RLIN) | 53213 |
| 650 ## - Temas - Descriptores | |
| Temas - Descriptores | ORGANIZACIONES SINDICALES |
| 9 (RLIN) | 53214 |
| 650 ## - Temas - Descriptores | |
| Temas - Descriptores | GRANDES EMPRESAS |
| 9 (RLIN) | 53215 |
| 650 ## - Temas - Descriptores | |
| Temas - Descriptores | SUPPLY CHAINS |
| 9 (RLIN) | 53216 |
| 650 ## - Temas - Descriptores | |
| Temas - Descriptores | LARGE COMPANIES |
| 9 (RLIN) | 53217 |
| 650 ## - Temas - Descriptores | |
| Temas - Descriptores | TRADE UNION ORGANIZATIANS |
| 9 (RLIN) | 53218 |
| 773 0# - Revista (Relacion con el numero) | |
| Host Biblionumber | 22614 |
| Host Itemnumber | 22623 |
| Ciudad, Editorial | Lima Grupo Praxis Formación Profesional, 2026- |
| Codigo barras item/ejemplar | PRALAB001 |
| Titulo de la Revista | Praxis Laboral & Procesal Laboral |
| Número de control de registro | ESSALUD |
| ISSN | 3119-768X |
| 942 ## - Elementos de Koha | |
| Tipo de Documento | Artículos |
| Fecha procesamiento | 2026-07-02 |
| Catalogador | SQB |
No hay ítems disponibles.